Karteziánsky kresliaci robot

Salvato in:
Dettagli Bibliografici
Autore principale: Skokan, Vendelín František (Autore)
Altri autori: Adamík, Michal (Relatore della tesi)
Natura: Manoscritto Libro
Lingua:slovacco
Pubblicazione: Bratislava : STU v Bratislave FEI, 2024
Soggetti:
Accesso online:https://opac.crzp.sk/?fn=detailBiblioFormChildC1JBH6&sid=DDCD2C6FBCAD481F294EC7B200E4&seo=CRZP-detail-kniha
Tags: Aggiungi Tag
Nessun Tag, puoi essere il primo ad aggiungerne!!

MARC

LEADER 00000ntm a22000003a 4500
001 stuzp96778
003 SK-STU
005 20250401135620.9
007 ta
008 150427s2015----xo-----f-mn---000-0-slo-d
040 |a STU  |b slo 
041 0 |a slo 
044 |a xo 
100 1 |a Skokan, Vendelín František  |u 031000  |4 aut  |U FEI Fakulta elektrotechniky a informatiky  |T FEI Ústav robotiky a kybernetiky  |X 115024  |U E011  |Y 356  |7 115024 
242 0 1 |a Cartesian Drawing Robot  |y eng 
245 1 0 |a Karteziánsky kresliaci robot 
260 |a Bratislava :  |b STU v Bratislave FEI,  |c 2024 
300 |a 48 s. 
650 4 |a kalibrácia  |2 slo 
650 4 |a meranie presnosti  |2 slo 
650 4 |a využitie robotických jednotiek  |2 slo 
650 4 |a robotické zostavy  |2 slo 
650 4 |a Karteziánsky kresliaci robot  |2 slo 
650 4 |a usage of robotic mechanisms  |2 eng 
650 4 |a precision measurement  |2 eng 
650 4 |a Cartesian drawing robot  |2 eng 
650 4 |a robotic systems  |2 eng 
650 4 |a calibration  |2 eng 
700 1 |a Adamík, Michal  |u 031000  |k Z8  |4 ths  |U FEI Fakulta elektrotechniky a informatiky  |T FEI Ústav robotiky a kybernetiky  |X 64812  |U E011  |Y 356  |7 A000064812 
856 4 |u https://opac.crzp.sk/?fn=detailBiblioFormChildC1JBH6&sid=DDCD2C6FBCAD481F294EC7B200E4&seo=CRZP-detail-kniha